Statistics for 1935年東京府の駅乗客数WORST50

Click here to take the quiz!

General Stats

  • This quiz has been taken 9 times
  • The average score is 26 of 53

Answer Stats

順位回答路線乗客数% Correct
1軍畑青梅鉄道1
89%
14小宮八高南線29
78%
42二俣尾青梅鉄道81
78%
1萩山多摩湖鉄道1
78%
16日向和田青梅鉄道31
78%
49稲城長沼南武鉄道92
67%
47中神青梅鉄道90
67%
28谷保南武鉄道48
67%
21河辺青梅鉄道37
67%
25小川西武村山線43
67%
7熊川五日市鉄道18
67%
5西国立南武鉄道9
67%
7東福生八高南線18
67%
30久米川西武村山線50
56%
35矢野口南武鉄道63
56%
40宮ノ平青梅鉄道75
56%
43沢井青梅鉄道86
56%
31矢川南武鉄道52
56%
46南拝島五日市鉄道89
56%
15西府南武鉄道30
56%
47東秋留五日市鉄道90
56%
11東立川南武鉄道25
56%
32西武柳沢西武村山線55
56%
45西永福帝都電鉄88
44%
44南中神五日市鉄道87
44%
3武蔵上ノ原五日市鉄道5
44%
3武蔵田中五日市鉄道5
44%
37小平西武村山線68
44%
2宮沢五日市鉄道4
44%
8郷地五日市鉄道22
44%
29青梅街道多摩湖鉄道49
44%
20大神五日市鉄道36
44%
10武蔵福島五日市鉄道24
44%
12大久野五日市鉄道26
44%
17是政西武多摩線32
44%
19本小平多摩湖鉄道35
44%
23小平学園多摩湖鉄道38
44%
27西秋留五日市鉄道47
44%
26桜堤多摩湖鉄道46
44%
4武蔵岩井五日市鉄道8
44%
36新小金井西武多摩線67
33%
39多摩聖蹟口南武鉄道70
33%
9南武是政南武鉄道23
33%
41武蔵常盤
東武東上線
78
33%
6東国分寺多摩湖鉄道17
33%
34北多磨西武多摩線62
33%
18病院前五日市鉄道34
33%
13本宿南武鉄道27
33%
38楽々園青梅鉄道69
22%
33富士見ヶ丘帝都電鉄58
22%
48浜田山帝都電鉄91
22%
50秋津武蔵野鉄道99
22%
24武蔵増子五日市鉄道41
0%

Score Distribution

Percentile by Number Answered

Percent of People with Each Score

Your Score History

You have not taken this quiz